000 00784nam a22002297a 4500
999 _c16028
_d16028
003 AR-CdUCM
008 190328b ||||| |||| 00| 0 eng d
020 _a84-204-5836-8
040 _aMUNICIPALIDAD PROVINCIAL DEL CUSCO
_cBIBLIOTECA MUNICIPAL DEL CUSCO
082 _aPI / 803 /
_bP47
100 _aPescetti, Luis María.
_925624
245 _aLa tarea según Natacha :
_bDerecho a la educación y al juego /
260 _aEspaña :
_bAlfaguara,
_bUnicef,
_c2000.
300 _a31 páginas ;
_bilustraciones a color,
_c28 cm.
440 _aColección derechos del niño.
_n7
_935301
505 _aContenido : Cuentos.
650 _aCuentos infantiles.
_93927
650 _aSiglo XX
_98
700 _aOkif (ilustraciones)
_935302
942 _2ddc
_cLIBROS
945 _arum
_d2019-04-30